000 00640nam a2200241Ia 4500
005 20260429112110.0
008 260429s9999||||xx |||||||||||||| ||und||
020 _a9781032434179
041 _aEnglish
082 _a159.9
_bMCC
100 _aMcCarthy, Paul
245 0 _aTraining and supervision in sport and exercise psychology /
_cPaul McCarthy
250 _a1st ed.
260 _aNew York :
_bRoutledge,
_c2024.
300 _axiii, 182 p.; pbk
650 _a Supervision
650 _a Training
650 _aPsychology
700 _a Burns, Lindsey
700 _a Gupta, Sahen
700 _a McCann, Bryan
942 _cTB
999 _c52343
_d52343